[Event "Dmitrov op"]
[Site "Dmitrov"]
[Date "2012.07.29"]
[Round "8"]
[White "Izotov, Sergei"]
[Black "Dobrynina, Aleksandra"]
[Result "1-0"]
[WhiteElo "2123"]
[BlackElo "2023"]
[PlyCount "91"]
[EventDate "2012.07.25"]
[EventType "swiss"]
[EventRounds "9"]
[EventCountry "RUS"]
[SourceTitle "CBM 149 Extra"]
[Source "ChessBase"]
[SourceDate "2012.08.24"]
[SourceVersion "1"]
[SourceVersionDate "2012.08.24"]
[SourceQuality "1"]

1. c4 e6 2. Nf3 d5 3. g3 c6 4. b3 f5 5. Bb2 Nf6 6. Bg2 Bd6 7. 0-0 0-0 8. d3 Nbd7 9. cxd5 exd5 10. Nbd2 Qe7 11. Re1 f4 12. e4 fxg3 13. hxg3 dxe4 14. Nxe4 Nxe4 15. dxe4 Ne5 16. Nxe5 Bxe5 17. Bxe5 Qxe5 18. Qd2 Bg4 19. Rac1 Rad8 20. Qb4 Rd7 21. Rc2 Rfd8 22. f3 Bxf3 23. Bxf3 Qxg3+ 24. Bg2 Rd1 25. Rf2 Qe3 26. Qc4+ Kh8 27. Ref1 R8d2 28. Qf7 Rxf1+ 29. Bxf1 Qg3+ 30. Bg2 Rd1+ 31. Rf1 Rxf1+ 32. Qxf1 Qe3+ 33. Qf2 Qxf2+ 34. Kxf2 g5 35. Bh3 Kg7 36. e5 Kf7 37. Ke3 h5 38. Bc8 b6 39. Ke4 g4 40. Kf4 c5 41. Ba6 Ke7 42. Bc4 Kd7 43. Bf7 b5 44. Bxh5 a5 45. Bxg4+ Ke7 46. Be2 1-0

[Event "Dmitrov op"]
[Site "Dmitrov"]
[Date "2012.07.26"]
[Round "3"]
[White "Volkov, Sergei"]
[Black "Izotov, Sergei"]
[Result "1/2-1/2"]
[WhiteElo "2136"]
[BlackElo "2123"]
[PlyCount "39"]
[EventDate "2012.07.25"]
[EventType "swiss"]
[EventRounds "9"]
[EventCountry "RUS"]
[SourceTitle "CBM 149 Extra"]
[Source "ChessBase"]
[SourceDate "2012.08.24"]
[SourceVersion "1"]
[SourceVersionDate "2012.08.24"]
[SourceQuality "1"]

1. Nf3 Nf6 2. d4 g6 3. Bf4 Bg7 4. h3 0-0 5. e3 d6 6. Be2 Nfd7 7. c3 e5 8. dxe5 Nxe5 9. 0-0 Nbc6 10. Nbd2 Bd7 11. Nd4 Rb8 12. Qc2 Qe7 13. Rfe1 Rfe8 14. Bf1 Nd8 15. Bh2 Nec6 16. N2f3 Ne5 17. Rad1 Nxf3+ 18. Nxf3 Ne6 19. Nd4 Nc5 20. Be2 1/2-1/2

[Event "Dmitrov op"]
[Site "Dmitrov"]
[Date "2012.07.25"]
[Round "1"]
[White "Dugin, Andrey"]
[Black "Izotov, Sergei"]
[Result "0-1"]
[WhiteElo "1793"]
[BlackElo "2123"]
[PlyCount "46"]
[EventDate "2012.07.25"]
[EventType "swiss"]
[EventRounds "9"]
[EventCountry "RUS"]
[SourceTitle "CBM 149 Extra"]
[Source "ChessBase"]
[SourceDate "2012.08.24"]
[SourceVersion "1"]
[SourceVersionDate "2012.08.24"]
[SourceQuality "1"]

1. e4 e5 2. Nf3 Nc6 3. Nc3 Nf6 4. Bb5 Bb4 5. 0-0 0-0 6. d3 d6 7. Bg5 Ne7 8. Nh4 c6 9. Ba4 d5 10. f4 Ng4 11. f5 Qb6+ 12. Kh1 Nf2+ 13. Rxf2 Qxf2 14. Qg4 Kh8 15. Qh3 d4 16. g4 dxc3 17. bxc3 Bc5 18. Rf1 Qe2 19. f6 Bxg4 20. fxg7+ Kxg7 21. Bf6+ Kg8 22. Nf5 Nxf5 23. Rxf5 Bxf5 0-1